02278nam a2200349uu 4500001000800000005001700008007001000025008004100035035001200076040001300088041000800101080001100109082000800120100004600128245026800174260005800442300001300500520074500513650005101258650003501309650003501344650006901379650005001448650003001498700005101528942001001579999001901589502001201608526000801620952012901628952017101757117126320260507134742.0co|||||||090928e20090928 spa  a1171263 ccomduadb aspa aQPR/CD 4a36310aPérez Pérez, Yadira4auteaut958418110aPractica académica en Trabajo Social : Fortalecimiento del plan integral de residuos solidos (PGIRS) para la educación e implementación del manejo de los residuos solidos y separación en la fuente con la comunidad del municipio de Puerto Berrio, Antioquia aPuerto Berrio (Antioquia) :b[sin publicador],c2009. a1 CD-ROM3 aEl Plan de Gestión Integral de Residuos Sólidos - PGIRS, es un elemento de planificación del servicio público de aseo compuesto por un conjunto de proyectos y actividades a corto, mediano y largo plazo. Esta encamina su accionar a la identificación y administración eficiente de los residuos generados en sus diferentes etapas dentro de la organización. Con la identificación de los aspectos críticos en el manejo de los residuos se determina un plan tendiente a administrar de forma eficiente su manejo en las diferentes etapas, dando cumplimiento a los requerimientos ambientales y legales, logrando una disminución en costos de manejo y disposición, y optimizando el aprovechamiento de los materiales recuperables.  aInformes de practica de trabajo social9166345 aInformes de práctica9162951 aPráctica académica9144005 aPlan de Gestión Integral de Residuos Sólidos (PGIRS)9137218 aTrabajo social en educacion ambiental9176077 aManejo de residuos97387610aIsaza Cruz, Claudia Patricia4thseths9294808 cTESIS c526598d526598 b107c12 a108 001040708DIGITALaCISHbCISHd2009-09-28iC1068379l0oQPR/CD-07512p0623595r2023-04-29 00:00:00t1w2023-04-29yDIGITAL 001040708DIGITALaPTOBEbPTOBEd2014-05-09eMaterial adquirido por donacióniC1203300l0o363.728 P944 CD-ROMp84423r2023-04-29 00:00:00t2w2023-04-29yDIGITAL